| 000 | 00577nam a2200205Ia 4500 | ||
|---|---|---|---|
| 003 | LDD | ||
| 008 | 181029s9999 xx 000 0 und d | ||
| 020 |
_a8181282000 _c695.00 |
||
| 040 | _cLDD | ||
| 100 | _aDelerue, C. | ||
| 245 | 0 |
_aNanostructures _bTheory and Modeling _cC. Delerue |
|
| 260 |
_aNew York _bSpringer _c2004 |
||
| 300 | _axiv, 304p. | ||
| 365 | _b695.00 | ||
| 440 | _aNanoscence and Technology | ||
| 901 |
_a3719 _b19-01-2007 |
||
| 902 |
_aANE/D/621 _b06-02-2007 _cF _dANE |
||
| 903 |
_aDiscount-10 _bReqst by : Sudhanshu |
||
| 942 |
_2ddc _cBK |
||
| 999 |
_c77803 _d77803 |
||